Celebrity Sibling Surnames Quiz Stats

Quiz Updated May 9, 2017

Also try: Sports Siblings
Challenge
Share
Tweet
Embed
Score 0/28 Timer 04:00
0 Plays Today
Celebrity Siblings Celebrity Siblings Surname % Correct
Paris and NickyHilton
93.9%
Mary-Kate and AshleyOlsen
93.8%
Britney and Jamie LynnSpears
92.3%
Alec, Stephen, Daniel and BillyBaldwin
89.6%
Jessica and AshleeSimpson
89.2%
Dakota and ElleFanning
88.9%
Charlie and Emilio Estevez/Sheen
87.6%
River and JoaquinPhoenix
86.7%
Owen, Luke and AndrewWilson
85.7%
Donny and MarieOsmond
82.9%
Ben and Casey Affleck
82.4%
Julia and Eric Roberts
78.3%
Groucho, Zeppo, Chico, Gummo and HarpoMarx
77.9%
Jake and MaggieGyllenhaal
74%
Celebrity Siblings Celebrity Siblings Surname % Correct
Patricia, David, Rosanna and AlexisArquette
73%
Dennis and RandyQuaid
72.2%
Jeff and BeauBridges
71.7%
Mark and DonnyWahlberg
70.6%
Ashley and WynonaJudd
69%
Damon, Marlon, Keenan Ivory and ShawnWayans
68.5%
Zooey and EmilyDeschanel
66.4%
Jane and PeterFonda
63%
John and JoanCusack
59.5%
Rob and ChadLowe
56.6%
Sean and ChrisPenn
49.7%
Fred and BenSavage
47.8%
Ralph and JosephFiennes
46%
Matt and Kevin Dillon
41%

You're not logged in!

Compare scores with friends on all Sporcle quizzes.
Sign Up with Email
OR
Log In

You Might Also Like...

Show Comments

Extras

Top Quizzes Today


Score Distribution

Your Account Isn't Verified!

In order to create a playlist on Sporcle, you need to verify the email address you used during registration. Go to your Sporcle Settings to finish the process.

Report this User

Report this user for behavior that violates our Community Guidelines.

Details: